LEADER 02823nam 2200589 450 001 9910808656303321 005 20210104163306.0 010 $a9781442263383 010 $a1-4422-3858-5 010 $a1-4422-3857-7 035 $a(CKB)3710000000654812 035 $a(EBL)4503923 035 $a(OCoLC)948511636 035 $a(SSID)ssj0001691595 035 $a(PQKBManifestationID)16538662 035 $a(PQKBTitleCode)TC0001691595 035 $a(PQKBWorkID)15035660 035 $a(PQKB)25078341 035 $a(MiAaPQ)EBC4503923 035 $a(EXLCZ)993710000000654812 100 $a20170601h20162016 uy 0 101 0 $aeng 135 $aur|n|---||||| 181 $ctxt 182 $cc 183 $acr 200 10$aReimagining the academic library /$fDavid W. Lewis 210 1$aLanham, Maryland :$cRowman & Littlefield,$d2016. 210 4$dİ2016 215 $a1 online resource (176 p.) 300 $aDescription based upon print version of record. 311 08$aPrint version: Lewis, David W., 1951- Reimagining the academic library. Lanham, Maryland : Rowman & Littlefield, c2016 approximately 192 pages 9781442238589 2016006807 320 $aIncludes bibliographical references and index. 327 $aTitle Page; Preface; Acknowledgments; Introduction; The Forces We Face; Force One; Force Two; Force Three; Force Four; Force Five; Force Six; Interlude; Steps Down the Road; Step One; Step Two; Step Three; Step Four; Step Five; Step Six; Conclusion; Bibliography; Index 330 $aReimagining the Academic Library paints a simple straightforward picture of the changes affecting academic libraries and what academic librarians need to do to respond to the changes would help to guide future library practice. The aim is to explain where academic libraries need to go and how to get there in a book that can be read in a weekend. David W. Lewis provides a readable survey of the current state of academic library practice and proposes where academic libraries need to go in the future to provide value to their campuses. His primary focus is on collections as this is the area with 606 $aAcademic libraries$xAdministration 606 $aAcademic libraries$xForecasting 606 $aAcademic libraries$xEffect of technological innovations on 606 $aLibraries and colleges 615 0$aAcademic libraries$xAdministration. 615 0$aAcademic libraries$xForecasting. 615 0$aAcademic libraries$xEffect of technological innovations on. 615 0$aLibraries and colleges. 676 $a027.7 700 $aLewis$b David W.$f1951-$01694178 801 0$bMiAaPQ 801 1$bMiAaPQ 801 2$bMiAaPQ 906 $aBOOK 912 $a9910808656303321 996 $aReimagining the academic library$94072545 997 $aUNINA LEADER 01012nas 2200373 c 450 001 9910142399003321 005 20260218112633.0 035 $a(DE-599)ZDB2210135-4 035 $a(OCoLC)1061020010 035 $a(DE-101)97707868X 035 $a(CKB)1000000000529387 035 $a(DE-599)2210135-4 035 $a(EXLCZ)991000000000529387 100 $a20051115b20012007 |y | 101 0 $aeng 135 $aur||||||||||| 181 $ctxt$2rdacontent 182 $cc$2rdamedia 183 $acr$2rdacarrier 200 00$aMonetary policy report$eMPR$fCentral Bank of Cyprus 210 31$aNicosia$c[Verlag nicht ermittelbar]$d2001-2007 215 $aOnline-Ressource 300 $aGesehen am 31.03.15 517 3 $aMPR 608 $aZeitschrift$2gnd-content 676 $a330 712 02$aKentrike??Trapeza Kypru$4isb 801 0$b8999 801 1$bDE-101 801 2$b9999 906 $aJOURNAL 912 $a9910142399003321 996 $aMonetary policy report$91920611 997 $aUNINA